Statistics for JEH UnAshamed Quiz

Click here to take the quiz!

General Stats

  • This quiz has been taken 31 times
  • The average score is 5 of 7

Answer Stats

HintAnswer% Correct
Sword Fight.Armor of God
86%
Partially filmed in shades.Flame
86%
Most viewed JEH Unshamed track.Unashamed
86%
"Cuz Jesus got the dub y'all"Faithful
71%
Features JEH's family.My Fam
71%
Tribute to JEH's great grandfather.September 2019
57%
Collaboration with Josiah Rice.Storms
43%

Score Distribution

Percentile by Number Answered

Percent of People with Each Score

Your Score History

You have not taken this quiz